01343cam a22003374a 4500999001500000001000500015003000900020005001700029008004100046010001700087020001500104020001500119040002800134042000800162050001300170082001800183245006700201250001200268260005700280300004700337490002500384504005100409650002700460650001800487700002400505942001200529952011600541952011600657952011600773952011600889 c4939d49394870BD-DhUAP20201124154456.0201124s2001 nyua b 001 0 eng  a 2004561121 a0838505988 a0071179682 aDLCcDLCdBD-DhUAPbeng apcc00aRM301.28 223a615.1 BAS00aBasic & clinical pharmacology /cedited by Bertram G. Katzung. a8th ed. aNew York :bLange Medical Books/McGraw Hill,cc2001. axii, 1217 pages :billustrations ;c26 cm. aa LANGE medical book aIncludes bibliographical references and index. 0aClinical pharmacology. 0aPharmacology.1 aKatzung, Bertram G. 2ddccBK 00102ddc4070aUAPCLbUAPCLcGeneral Stacksd2020-11-24o615.1 BASp3010004870r2020-11-24t1w2020-11-24yBK 00102ddc4070aUAPCLbUAPCLcGeneral Stacksd2020-11-29o615.1 BASp3010003620r2020-11-29t2w2020-11-29yBK 00102ddc4070aUAPCLbUAPCLcGeneral Stacksd2020-11-29o615.1 BASp3010003618r2020-11-29t3w2020-11-29yBK 00102ddc4070aUAPCLbUAPCLcGeneral Stacksd2020-11-29o615.1 BASp3010003619r2020-11-29t4w2020-11-29yBK